| 000 | 00400nam a2200169Ia 4500 | ||
|---|---|---|---|
| 999 |
_c85843 _d85843 |
||
| 003 | 0100 | ||
| 005 | 20180307142408.0 | ||
| 008 | 130307s9999 xx 000 0 und d | ||
| 040 | _cARRUPELIB | ||
| 050 | _aDT948.S7 1935 | ||
| 100 |
_aStanding, Thomas Gilbert _940261 |
||
| 245 | 2 | _aA short history of Rhodesia and her neighbours / | |
| 260 |
_aLondon _bLongmans _c1935 |
||
| 300 | _a210p. | ||
| 300 | _b23 cm. | ||
| 650 |
_aRhodesia _xHistory _922054 |
||
| 942 |
_2lcc _cMONOGRAPH |
||